Introduction to electrochemistry (Record no. 20925)

MARC details
000 -LEADER
fixed length control field 00316nam a2200121Ia 4500
082 ## - DEWEY DECIMAL CLASSIFICATION NUMBER
Classification number 541.13
Item number GLA
100 ## - MAIN ENTRY--AUTHOR NAME
Personal name Glasstone, Samuel
245 #0 - TITLE STATEMENT
Title Introduction to electrochemistry
260 ## - PUBLICATION, DISTRIBUTION, ETC. (IMPRINT)
Place of publication New York
Name of publisher Van Nostrand
Year of publication 1965
650 ## - SUBJECT ADDED ENTRY--TOPICAL TERM
Topical Term Electrochemistry
942 ## - ADDED ENTRY ELEMENTS (KOHA)
Koha item type Books
Holdings
Withdrawn status Lost status Damaged status Not for loan Home library Current library Date acquired Cost, normal purchase price Full call number Accession Number Koha item type
        RRII Library RRII Library 16/12/2021 12.00 541.13 GLA 01647 Books